[Event "2nd SCS Open"]
[Site "Bhubaneswar IND"]
[Date "2010.05.26"]
[Round "7"]
[White "Koshy,V"]
[Black "Kasparov,S"]
[Result "0-1"]
[WhiteElo "2310"]
[BlackElo "2504"]

1.c4 c6 2.b3 d5 3.Bb2 Nf6 4.g3 Bg4 5.Bg2 e6 6.Nf3 Nbd7 7.O-O Be7 8.d4 O-O
9.Nc3 h6 10.Re1 Bb4 11.a3 Ba5 12.c5 Bc7 13.e4 dxe4 14.Nxe4 Nxe4 15.Rxe4 Nf6
16.Re1 Nd5 17.Qd2 Bxf3 18.Bxf3 Qf6 19.Bxd5 exd5 20.Re3 Rae8 21.Rae1 Re6 22.Qb4 Rb8
23.Qa4 a6 24.Qb4 h5 25.h4 Qf5 26.Kg2 Re4 27.R1e2 Qg4 28.Qe1 Rbe8 29.Bc1 Qg6
30.Qb4 Bf4 31.Rxe4 Rxe4 32.Rc2 Bxc1 33.Rxc1 Rxh4 34.Re1 Re4 35.Rxe4 Qxe4+
36.Kh2 Qe7 37.Qb6 g6 38.Qa7 Kg7 39.b4 h4 40.Qb8 hxg3+ 41.Kxg3 Qg5+ 42.Kf3 Qf5+
43.Kg3 Qd3+ 44.f3 Qxd4 45.Qxb7 Qe5+ 46.Kg2 Qe2+ 47.Kg3 d4 48.Qxc6 d3 49.Qd6 Qe1+
50.Kg2 d2 51.Qd4+ Kh7 52.Qd7 d1=Q  0-1

[Event "2nd SCS Open"]
[Site "Bhubaneswar IND"]
[Date "2010.05.26"]
[Round "7"]
[White "Kovalyov,A"]
[Black "Maletin,P"]
[Result "1/2-1/2"]
[WhiteElo "2615"]
[BlackElo "2584"]

1.c4 c6 2.d4 d5 3.Nf3 Nf6 4.e3 Bf5 5.Nc3 e6 6.Nh4 Bg6 7.Be2 Nbd7 8.O-O Bd6
9.g3 O-O 10.Nxg6 hxg6 11.b3 Qe7 12.a3 Rfe8 13.Bf3 Rad8 14.Bg2 a6 15.c5 Bc7
16.f4 Nh7 17.Bd2 g5 18.b4 gxf4 19.exf4 b6 20.Qa4 Nb8 21.Rae1 f5 22.h4 Nf6
23.Ne2 Ne4 24.Be3 b5 25.Qc2 Nd7 26.Bf3  1/2-1/2

[Event "ch-Moscow Final"]
[Site "Moscow RUS"]
[Date "2010.05.26"]
[Round "4"]
[White "Chadaev,N"]
[Black "Deviatkin,A"]
[Result "1/2-1/2"]
[WhiteElo "2565"]
[BlackElo "2574"]

1.c4 c6 2.d4 d5 3.Nc3 Nf6 4.Nf3 dxc4 5.a4 Bf5 6.Ne5 e6 7.f3 Bb4 8.e4 Bxe4
9.fxe4 Nxe4 10.Qf3 Qxd4 11.Qxf7+ Kd8 12.Bg5+ Nxg5 13.Qxg7 Bxc3+ 14.bxc3 Qxc3+
15.Ke2 Qc2+ 16.Ke1 Qc3+ 17.Ke2 Qc2+  1/2-1/2

[Event "ch-CHN"]
[Site "Xinghua CHN"]
[Date "2010.05.28"]
[Round "5"]
[White "Bu Xiangzhi"]
[Black "Lu Shanglei"]
[Result "1-0"]
[WhiteElo "2681"]
[BlackElo "2349"]

1.c4 c6 2.e4 e6 3.d4 d5 4.Nc3 dxe4 5.Nxe4 Bb4+ 6.Bd2 Qxd4 7.Bxb4 Qxe4+ 8.Be2 Qxg2
9.Qd6 Nd7 10.O-O-O Qxf2 11.Bf3 Qe3+ 12.Kb1 Qe5 13.Qd3 Ngf6 14.Nh3 c5 15.Bc3 Qf5
16.Qxf5 exf5 17.Rhe1+ Kf8 18.Nf4 h5 19.b4 Rh6 20.bxc5 Ne4 21.Bxe4 fxe4 22.Rxe4 g5
23.Rde1 Nf6 24.Bxf6 Bf5 25.Bxg5 Rc6 26.Be7+ Kg8 27.Kb2 Bxe4 28.Rxe4 Re8 29.Nd5 b6
30.Re5  1-0

[Event "XXIX Open A"]
[Site "Zalakaros HUN"]
[Date "2010.06.02"]
[Round "8"]
[White "Bemak,M"]
[Black "Vrchotka,J"]
[Result "1-0"]
[WhiteElo "2171"]
[BlackElo "2060"]

1.c4 c6 2.d4 d5 3.Nf3 e6 4.Nc3 Nf6 5.Bg5 Be7 6.e3 Nbd7 7.Bd3 dxc4 8.Bxc4 b5
9.Bd3 a6 10.Rc1 c5 11.O-O Bb7 12.Qe2 O-O 13.Rfd1 c4 14.Bc2 Nd5 15.Bxe7 Qxe7
16.e4 Nf4 17.Qe3 Ng6 18.Re1 Rfe8 19.Rcd1 Qb4 20.Rb1 Qa5 21.b4 Qb6 22.h4 f5
23.h5 Ngf8 24.Qf4 Nf6 25.h6 g6 26.a4 Rad8 27.a5 Qa7 28.Rbd1 Qb8 29.Ne5 N6d7
30.g4 Nxe5 31.dxe5 fxg4 32.Rd6 Re7 33.Red1 Rde8 34.Qxg4 Qc8 35.R1d4 Nd7 36.Qg3 Rf8
37.Bd1 Nb8 38.Bg4 Nc6 39.Nd5 Ree8 40.Rd1 Kh8 41.Nb6 Qc7 42.Nd7 Nd8 43.Nxf8 Rxf8
44.Rd7 Qc8 45.Qh4 Nf7 46.Bxe6 Nxe5 47.Qf6+ Rxf6 48.Rd8+  1-0

[Event "3rd Mayor's Cup"]
[Site "Mumbai IND"]
[Date "2010.06.04"]
[Round "4"]
[White "Ibrayev,N"]
[Black "Ovetchkin,R"]
[Result "1/2-1/2"]
[WhiteElo "2390"]
[BlackElo "2519"]

1.c4 c6 2.d4 d5 3.cxd5 cxd5 4.Bf4 Nc6 5.e3 Nf6 6.Nf3 Bf5 7.Nc3 e6 8.Bd3 Bxd3
9.Qxd3 Bd6 10.Bxd6 Qxd6 11.O-O O-O 12.Rfc1 Rfc8 13.a3 a6 14.Na4 Nd7 15.b4  1/2-1/2

[Event "3rd Mayor's Cup"]
[Site "Mumbai IND"]
[Date "2010.06.04"]
[Round "4"]
[White "Navin,K"]
[Black "Kasparov,S"]
[Result "1/2-1/2"]
[WhiteElo "2295"]
[BlackElo "2504"]

1.c4 c6 2.e4 d5 3.exd5 cxd5 4.d4 Nf6 5.Nc3 g6 6.Qb3 Bg7 7.cxd5 O-O 8.Nge2 Na6
9.g3 b5 10.Bg2 b4 11.Na4 Bb7 12.Nf4 g5 13.Nd3 Bxd5 14.Bxd5 Qxd5 15.Qxd5 Nxd5
16.Bxg5 Bxd4 17.Rd1 f6 18.Nf4 Nxf4 19.Bxf4 Rfd8 20.Be3 Bxe3 21.fxe3 Kf7 22.Ke2 Rxd1
23.Rxd1 Rc8 24.Rd7 Nc5 25.Nxc5 Rxc5 26.Rxa7 Rc2+ 27.Kf3 Rxb2 28.h4 h5 29.Ke4 Kg6
30.Rxe7 Rxa2 31.Rb7 Rb2 32.Kf3 Rb1 33.e4 b3 34.Kg2 Kh6 35.Kf2 Kg6 36.Kg2 Kh6
37.Kf2  1/2-1/2

[Event "Rapid Open"]
[Site "Hustopece CZE"]
[Date "2010.06.05"]
[Round "7"]
[White "Sergeev,Vl"]
[Black "Haba,P"]
[Result "0-1"]
[WhiteElo "2473"]
[BlackElo "2513"]

1.c4 c6 2.d4 d5 3.e3 Nf6 4.Nc3 e6 5.b3 Nbd7 6.Bd3 Bd6 7.Bb2 O-O 8.c5 Bc7
9.f4 b6 10.b4 a5 11.a3 Ba6 12.Nf3 Bxd3 13.Qxd3 axb4 14.axb4 bxc5 15.bxc5 Ba5
16.O-O Bxc3 17.Bxc3 Ne4 18.Rfb1 Qc7 19.Be1 h6 20.h3 Ra7 21.Rxa7 Qxa7 22.Rb3 Rb8
23.Ra3 Qb7 24.Kh2 Qb2 25.Qa6 Kh7 26.Ra2 Qb3 27.Ra3 Qb2 28.Ra2 Qb3 29.Qe2 Qb1
30.Qa6 Rb3 31.Re2 Qd1 32.Ng1 Rb1 33.Qxc6 Nc3 34.Bxc3 Qxg1+ 35.Kg3 Nf6 36.Ba5 Ne4+
37.Kh4 Qh2  0-1

[Event "3rd Mayor's Cup"]
[Site "Mumbai IND"]
[Date "2010.06.05"]
[Round "5"]
[White "Ismagambetov,An"]
[Black "Navin,K"]
[Result "1/2-1/2"]
[WhiteElo "2524"]
[BlackElo "2295"]

1.c4 c6 2.e4 d5 3.cxd5 cxd5 4.exd5 Nf6 5.d4 Nxd5 6.Nc3 e6 7.Nf3 Nc6 8.Bd3 Bb4
9.Bd2 O-O 10.O-O Be7 11.Rc1 Bf6 12.Qe2 Nxd4 13.Nxd4 Bxd4 14.Bxh7+ Kxh7 15.Qe4+ Kg8
16.Qxd4 Nb6 17.Qe3 Nc4 18.Qe2 Qxd2 19.Qxc4 e5 20.Qb5 Be6 21.Qxe5 Qxb2 22.Rb1 Qa3
23.Rxb7 Rfc8 24.Nd5 Rc1 25.Ne7+ Kf8 26.Ng6+ Kg8  1/2-1/2

[Event "Copper State Int A"]
[Site "Mesa USA"]
[Date "2010.06.07"]
[Round "6"]
[White "Gareev,T"]
[Black "Shankland,S"]
[Result "1-0"]
[WhiteElo "2599"]
[BlackElo "2507"]

1.c4 c6 2.e4 d5 3.exd5 cxd5 4.cxd5 Nf6 5.Nc3 Nxd5 6.Nf3 Nc6 7.Bc4 e6 8.d4 Be7
9.O-O Nxc3 10.bxc3 Qc7 11.Re1 O-O 12.Bd3 Rd8 13.Qe2 b6 14.Qe4 g6 15.Bf4 Qd7
16.Bg5 Bb7 17.Qh4 h5 18.Re3 Bxg5 19.Nxg5 Ne7 20.Rae1 Re8 21.g4 Nd5 22.Rg3 Nf4
23.gxh5 Nxh5 24.Nxf7  1-0

[Event "3rd Mayor's Cup"]
[Site "Mumbai IND"]
[Date "2010.06.07"]
[Round "8"]
[White "Kovalyov,A"]
[Black "Kasparov,S"]
[Result "1-0"]
[WhiteElo "2615"]
[BlackElo "2504"]

1.c4 c6 2.d4 d5 3.Nf3 Nf6 4.e3 a6 5.Bd3 Bg4 6.Nbd2 e6 7.Qc2 Nbd7 8.O-O Be7
9.b3 Bh5 10.Bb2 Bg6 11.e4 dxe4 12.Nxe4 Nxe4 13.Bxe4 Bxe4 14.Qxe4 Nf6 15.Qc2 O-O
16.Rad1 a5 17.a4 Qc7 18.Rd3 Rfd8 19.Rfd1 Rac8 20.Ne5 Nd7 21.Rh3 Nf8 22.Qe2 Bd6
23.Nd3 Be7 24.Re3 Bf6 25.Nc5 Be7 26.Ne4 Rd7 27.g3 Rcd8 28.Red3 b6 29.h4 Qb7
30.Bc3 h6 31.Qf3 Nh7 32.Nd2 c5 33.Qxb7 Rxb7 34.d5 Bf6 35.Ne4 Bxc3 36.Nxc3 Rbd7
37.g4 Kf8 38.Kg2 Nf6 39.g5 Ne8 40.f4 h5 41.Kf3 g6 42.Ne4 exd5 43.Rxd5 Rxd5
44.cxd5 Ng7 45.Ng3 Ne6 46.Ne2 Ng7 47.Ng3 Ne6 48.Ke4 Nd4 49.Ke5 Nf3+ 50.Ke4 Nd4
51.f5 Ke7 52.fxg6 fxg6 53.Rf1 Nxb3 54.Ke5 Nd2 55.Rf4 Re8 56.d6+ Kd7+ 57.Kd5 Re3
58.Rf7+ Ke8 59.Rh7 Rxg3 60.d7+ Kd8 61.Kc6 Rd3 62.Rh8+ Ke7 63.Re8+ Kf7 64.d8=Q Rxd8
65.Rxd8 Nf3 66.Kxb6 Nxh4 67.Kxa5 Nf3 68.Kb6 h4 69.a5 h3 70.a6  1-0

[Event "3rd Mayor's Cup"]
[Site "Mumbai IND"]
[Date "2010.06.09"]
[Round "10"]
[White "Deshmukh,A"]
[Black "Kasparov,S"]
[Result "1-0"]
[WhiteElo "2301"]
[BlackElo "2504"]

1.c4 c6 2.Nc3 d5 3.cxd5 cxd5 4.d4 Nf6 5.Bf4 Nc6 6.e3 a6 7.Bd3 Bg4 8.Nge2 Bxe2
9.Qxe2 e6 10.O-O Be7 11.Rac1 O-O 12.a3 Rc8 13.Na4 Nd7 14.b4 b5 15.Nc5 Nxc5
16.bxc5 Na5 17.a4 Nc4 18.axb5 axb5 19.Rb1 Qd7 20.Rb3 Bd8 21.Rfb1 Bc7 22.Bxc7 Rxc7
23.Rxb5 Na3 24.Bxh7+ Kxh7 25.Qd3+ f5 26.Qxa3 Qf7 27.Rb6 Qg6 28.f4 Rf6 29.Rb8 Qh5
30.h3 Rg6 31.Kf1 Ra7 32.Qb2 Ra4 33.Re1 Qh4 34.Qf2 Qxf2+ 35.Kxf2 Ra2+ 36.Re2 Rxg2+
37.Kxg2 Rxe2+ 38.Kf3 Rh2 39.Re8 Rxh3+ 40.Ke2 Rh6 41.c6  1-0

[Event "9th TCh-BIH Premier"]
[Site "Bihac BIH"]
[Date "2010.06.10"]
[Round "6"]
[White "Tadic,Br"]
[Black "Brkic,A"]
[Result "1/2-1/2"]
[WhiteElo "2524"]
[BlackElo "2573"]

1.c4 c6 2.d4 d5 3.Nf3 Nf6 4.Nc3 e6 5.g3 Nbd7 6.Bg2 dxc4 7.a4 Bb4 8.O-O O-O
9.e4 Bxc3 10.bxc3 Nxe4 11.Ba3 Nxc3 12.Qc2 Nd5 13.Bxf8 Qxf8 14.Qxc4 a5 15.Rfe1 Ra6
16.Ng5 Rb6 17.Qc2 N7f6 18.Bxd5 exd5 19.Qc5 Rb3 20.Qxf8+ Kxf8 21.Re3 Rxe3
22.fxe3 Ke7 23.Rb1 h6 24.Nf3 Ne4 25.Ne5 f6 26.Nd3 Kd6 27.Kg2 Kc7 28.Rc1 b6
29.h3 Ba6 30.Nf4 Kd6 31.Ne6 g5 32.Nd8 Bc4 33.Nf7+ Ke6 34.Nxh6 b5 35.Ng4 b4
36.h4 gxh4 37.gxh4 b3 38.h5 Nd2 39.h6 b2 40.Rb1 Nxb1 41.h7 Nd2 42.h8=Q b1=Q
43.Qxf6+ Kd7 44.Ne5+ Kc8 45.Qxc6+ Kb8 46.Nd7+ Ka7 47.Qc7+ Qb7 48.Qxa5+ Ba6
49.Qc5+ Ka8 50.Qf8+ Ka7 51.Qc5+  1/2-1/2

[Event "1st Open"]
[Site "Di Roseto ITA"]
[Date "2010.06.11"]
[Round "8"]
[White "Rotstein,A"]
[Black "Dinter,B"]
[Result "1-0"]
[WhiteElo "2538"]
[BlackElo "2116"]

1.c4 c6 2.Nf3 d5 3.e3 Nf6 4.Nc3 g6 5.d4 Bg7 6.Be2 O-O 7.O-O a6 8.b3 Bg4 9.h3 Bxf3
10.Bxf3 e6 11.a4 Re8 12.Qc2 Nbd7 13.Rd1 Rc8 14.Rb1 Qc7 15.e4 dxe4 16.Nxe4 Nxe4
17.Qxe4 b5 18.Qc2 bxa4 19.bxa4 e5 20.d5 cxd5 21.Bxd5 Nc5 22.Be3 Rb8 23.h4 Qa5
24.Rxb8 Rxb8 25.Rb1 Rb4 26.Qd1 Bf8 27.Kh2 Qxa4 28.Qf3 Ne6 29.Rd1 e4 30.Qe2 Nc5
31.h5 Qe8 32.g3 Qe5 33.hxg6 hxg6 34.Kg2 Rb2 35.Qg4 Qf5 36.Bd4 Nd3 37.Rxd3  1-0

[Event "Royal Residence Cup"]
[Site "Zhovkva UKR"]
[Date "2010.06.12"]
[Round "5"]
[White "Semcesen,D"]
[Black "Podolsky,A"]
[Result "1-0"]
[WhiteElo "2440"]
[BlackElo "2127"]

1.c4 c6 2.Nf3 d5 3.e3 Nf6 4.Nc3 g6 5.d4 Bg7 6.Bd3 O-O 7.O-O Nbd7 8.Qc2 dxc4
9.Bxc4 b5 10.Bd3 Bb7 11.e4 Nb6 12.Bf4 Rc8 13.b4 a5 14.bxa5 Nbd7 15.e5 Nh5
16.Bg5 c5 17.Be4 Bxe4 18.Qxe4 f6 19.Be3 cxd4 20.Qxd4 Nxe5 21.Qxd8 Nxf3+ 22.gxf3 Rfxd8
23.Nxb5 Rd5 24.a4 f5 25.Rad1 Nf6 26.a6 f4 27.Bxf4 Rc4 28.a7 Rxa4 29.Ra1 Rxa7
30.Nxa7 Nh5 31.Ra4 Bd4 32.Rxd4 Rxd4 33.Be3  1-0

[Event "45th Capablanca Mem Open"]
[Site "Havana CUB"]
[Date "2010.06.13"]
[Round "4"]
[White "Janssen,Ru"]
[Black "Perez Garcia,Rodn"]
[Result "0-1"]
[WhiteElo "2524"]
[BlackElo "2424"]

1.c4 c6 2.Nf3 d5 3.e3 Nf6 4.Nc3 e6 5.b3 Bd6 6.Bb2 O-O 7.d4 Nbd7 8.Bd3 e5
9.cxd5 cxd5 10.dxe5 Nxe5 11.Be2 Nxf3+ 12.Bxf3 Be5 13.O-O Bf5 14.Rc1 Re8 15.Ba1 Be4
16.Be2 a6 17.Nxe4 dxe4 18.Qxd8 Raxd8 19.Bxe5 Rxe5 20.Rc7 b5 21.Ra7 Rd2 22.Re1 h5
23.Rxa6 Rc5 24.Bf1 Rcc2 25.f3 h4 26.fxe4 Nxe4 27.Ra8+ Kh7 28.Re8 f5 29.Re5 g6
30.Re7+ Kh6 31.Re8 b4 32.Rb8 Rxa2 33.Rxb4 h3 34.Rd4 Rxg2+ 35.Bxg2 Rxg2+ 36.Kf1 Rxh2
37.Rxe4 fxe4 38.Kg1 Rb2 39.b4 g5 40.Rf1 g4  0-1

[Event "National Open"]
[Site "Las Vegas USA"]
[Date "2010.06.13"]
[Round "5"]
[White "Foisor,C"]
[Black "Von Krogh,C"]
[Result "1-0"]
[WhiteElo "2401"]
[BlackElo "2231"]

1.c4 c6 2.Nf3 d5 3.b3 Nf6 4.Bb2 g6 5.cxd5 cxd5 6.Bxf6 exf6 7.e3 Nc6 8.Be2 d4
9.Nxd4 Nxd4 10.exd4 Qxd4 11.Nc3 Bc5 12.O-O O-O 13.Rc1 a6 14.Ne4 Ba7 15.Rc4 Qe5
16.Bf3 f5 17.d4 Qe7 18.Nc3 Qd6 19.Qd2 Be6 20.d5 Bd7 21.Qh6 Qe5 22.d6 Rfc8
23.Qd2 Rxc4 24.bxc4 Re8 25.Bxb7 Bc5 26.Nd5 Bxd6 27.g3 Bc5 28.Nf4 Bc8 29.Bc6 Rf8
30.Rd1 Qc7 31.Bd5 a5 32.Qb2 Qe7 33.h4 a4 34.h5 Qg5 35.Kg2 Bd6 36.Rh1 Bxf4
37.h6 Qxh6 38.Rxh6 Bxh6 39.Qb4 Bd7 40.Qe7 Be8 41.c5 a3 42.Qb7 Bg7 43.Bc6 Bd4
44.Bxe8 Bxc5 45.Ba4 Bd4 46.Bb3 Kg7 47.Qd7 Bb2 48.Kf3 h5 49.Qd6 Re8 50.Qc6 Rf8
51.Ke3 Rd8 52.Bd5 Rf8 53.Kd3 Bf6 54.Kc4 Bb2 55.Kc5 Rg8 56.Kd6 Rf8 57.Ke7 Bd4
58.f4 Ba1 59.Qa6 Bb2 60.Qd6  1-0

[Event "TCh-SUI 2010"]
[Site "Switzerland SUI"]
[Date "2010.06.13"]
[Round "4.4"]
[White "Zueger,B"]
[Black "Drabke,L"]
[Result "1/2-1/2"]
[WhiteElo "2425"]
[BlackElo "2439"]

1.c4 c6 2.Nf3 d5 3.e3 Nf6 4.Nc3 Bg4 5.Qb3 Qb6 6.cxd5 Qxb3 7.axb3 Nxd5 8.Nxd5 cxd5
9.Ne5 Bd7 10.d4 Nc6  1/2-1/2

[Event "Open"]
[Site "Teplice CZE"]
[Date "2010.06.13"]
[Round "2"]
[White "Priehoda,V"]
[Black "Kotva,M"]
[Result "1/2-1/2"]
[WhiteElo "2384"]
[BlackElo "2066"]

1.c4 c6 2.e4 e5 3.Nf3 d6 4.h3 Nf6 5.Nc3 a6 6.d4 exd4 7.Qxd4 Be7 8.Bf4 O-O
9.Rd1 Qa5 10.a3 b5 11.Qd2 Be6 12.Nd4 Rd8 13.b4 Qb6 14.Nxe6 fxe6 15.Qa2 Qb7
16.cxb5 d5 17.exd5 cxd5 18.Bd3 axb5 19.O-O Bxb4 20.Nxb5 Bf8 21.Rfe1 Qf7 22.Bg5 Nbd7
23.Qe2 Nc5 24.Bb1 Rdb8 25.Bf4 Rb6 26.Be3 Rab8 27.a4 Ra6 28.Nc3 Rc6 29.Bc2 Rb2
30.Rb1 Nxa4 31.Rxb2 Nxb2 32.Bd4 Bb4 33.Bxh7+ Kxh7 34.Qxb2 Bxc3 35.Bxc3 Ne4
36.Bd4 Qc7 37.f3 Rc2 38.Qb1 Rxg2+ 39.Kxg2 Qg3+ 40.Kh1 Qxh3+ 41.Kg1 Qg3+ 42.Kh1 Qxf3+
43.Kh2 Qg3+  1/2-1/2

[Event "14th Master Open"]
[Site "Voronezh RUS"]
[Date "2010.06.13"]
[Round "2"]
[White "Stetsko,L"]
[Black "Gorshkov,Yury"]
[Result "1/2-1/2"]
[WhiteElo "2127"]
[BlackElo "2314"]

1.c4 c6 2.e4 d5 3.exd5 cxd5 4.cxd5 Nf6 5.Nc3 Nxd5 6.d4 Nc6 7.Nf3 e6 8.Be2 Be7
9.O-O O-O 10.Ne4 b6 11.Bg5 Bb7 12.Rc1 h6 13.Bxe7 Ndxe7 14.Qa4 Qd5 15.Nc3 Qd7
16.Rfd1 Rfd8 17.Bd3 Kf8 18.Be4 Nd5 19.Nxd5 exd5 20.Bd3 a6 21.Qb3 b5 22.Rc5 Qd6
23.Rdc1 Rac8 24.Qc3 g6 25.b4 Kg8 26.Qd2 Kg7 27.a3 Re8 28.Re1 Rxe1+ 29.Qxe1 Rb8
30.Qe3 Nd8 31.Ne5 Ne6 32.Rc1 Rf8 33.h4 h5  1/2-1/2

[Event "Royal Residence Cup"]
[Site "Zhovkva UKR"]
[Date "2010.06.13"]
[Round "6"]
[White "Semcesen,D"]
[Black "Molnar,P SVK"]
[Result "1-0"]
[WhiteElo "2440"]
[BlackElo "2261"]

1.c4 c6 2.Nf3 d5 3.e3 Nf6 4.Nc3 g6 5.d4 Bg7 6.Be2 O-O 7.O-O dxc4 8.Bxc4 Bg4
9.h3 Bxf3 10.Qxf3 Nbd7 11.Qe2 e5 12.dxe5 Nxe5 13.Rd1 Qe7 14.Bb3 Rfd8 15.e4 Ned7
16.Bg5 h6 17.Bh4 g5 18.Bg3 Ne5 19.Qe3 b6 20.Kh1 Nh5 21.Bh2 Rxd1+ 22.Rxd1 Rd8
23.g3 g4 24.hxg4 Nxg4 25.Qe2 Rxd1+ 26.Bxd1 Nhf6 27.Bg1 h5 28.f3 Ne5 29.Kg2 Bh6
30.Bc2 h4 31.f4 Ng6 32.e5 Nd5 33.Nxd5 cxd5 34.Qg4 Kh7 35.f5  1-0

[Event "14th Master Open"]
[Site "Voronezh RUS"]
[Date "2010.06.14"]
[Round "3"]
[White "Grigoryan,Av"]
[Black "Goganov,A"]
[Result "1/2-1/2"]
[WhiteElo "2576"]
[BlackElo "2485"]

1.c4 c6 2.Nf3 Nf6 3.g3 d5 4.Bg2 dxc4 5.O-O Nbd7 6.Qc2 Nb6 7.a4 a5 8.Na3 Qd5
9.Ne1 Qf5 10.e4 Qh5 11.Nxc4 Nxc4 12.Qxc4 e5 13.d4 exd4 14.Nd3 Ng4 15.h4 Ne5
16.Qxd4 Nxd3 17.Qxd3 Be7 18.Bd2 O-O 19.Qb3 Bf6 20.Bc3 Bxc3 21.bxc3 Qc5 22.Rab1 b5
23.axb5 Be6 24.Qa4 Bc4 25.bxc6 Bxf1 26.Rxf1 Qxc3 27.Bh3 Rfb8 28.Bd7 Rb4 29.Qa2 Qc5
30.Qe2 a4 31.e5 a3 32.e6 fxe6 33.Qxe6+ Kh8 34.Bc8 Qf8 35.Bb7 Re8 36.Qd5 Rb2
37.Qd4 Qe7 38.Rc1 Rxb7 39.cxb7 Qxb7 40.Ra1 Qb2 41.Qxb2 axb2 42.Rb1 Rb8 43.Kf1 Kg8
44.Ke2 Kf7 45.Kd3 Ke6 46.Kc3 Kd5 47.f3 Rc8+ 48.Kd3 Rf8 49.Rxb2 Rxf3+ 50.Ke2 Rxg3
51.Rb4 Ke5 52.Kf2 Rd3 53.Rb7 Kf6 54.Rb6+ Kf5 55.Rb5+ Kf4 56.Rb4+ Kf5 57.Rb5+ Kg6
58.Kg2 Kf6  1/2-1/2

[Event "14th Master Open"]
[Site "Voronezh RUS"]
[Date "2010.06.14"]
[Round "3"]
[White "Khismatullin,D"]
[Black "Yevseev,D"]
[Result "1/2-1/2"]
[WhiteElo "2657"]
[BlackElo "2520"]

1.c4 c6 2.Nf3 d5 3.e3 Nf6 4.d4 Bf5 5.Nc3 e6 6.Nh4 Bg6 7.Nxg6 hxg6 8.a3 Nbd7
9.g3 Be7 10.b3 e5 11.Bg2 e4 12.f3 exf3 13.Bxf3 O-O 14.O-O dxc4 15.bxc4 c5
16.Bxb7 Rb8 17.Bg2 Nb6 18.Qd3 cxd4 19.exd4 Rc8 20.Ne2 Rxc4 21.Bd2 Nfd5 22.a4 Rxa4
23.Rxa4 Nxa4 24.Qa6 Nab6 25.Qxa7 Nc4 26.Nf4 Nde3 27.Bxe3 Nxe3 28.Re1 Bf6
29.d5 Nxg2 30.Nxg2 Qxd5 31.Qa4 Bc3 32.Rd1 Qb7 33.Qc4 Ba5 34.h4 Bc7 35.Kh2 Qf3
36.Rd3 Qf1 37.Rc3 Qxc4 38.Rxc4 Be5 39.Ne1 Re8 40.Nf3 Bd6 41.Rd4 Bb8  1/2-1/2

[Event "4th Open"]
[Site "Varna BUL"]
[Date "2010.06.15"]
[Round "4"]
[White "Simeonov,Svetoslav"]
[Black "Filatov,S"]
[Result "0-1"]
[WhiteElo "1802"]
[BlackElo "1613"]

1.c4 c6 2.g3 d5 3.cxd5 cxd5 4.Nf3 Nf6 5.Bg2 Nc6 6.O-O Bf5 7.d3 e6 8.Nh4 Bg4
9.h3 Bh5 10.Nc3 Bd6 11.Nb5 Bxg3 12.fxg3 Qb6+ 13.Kh1 Qxb5 14.Bg5 Nd7 15.a4 Qb6
16.g4 Bg6 17.e4 dxe4 18.dxe4 f6 19.Bf4 e5 20.Bd2 O-O 21.b4 Rfd8 22.Nxg6 hxg6
23.Qb3+ Kh7 24.g5 Nd4 25.Qg3 f5 26.exf5 Nxf5 27.Rxf5 gxf5 28.Qh4+ Kg6 29.Qe1 Rh8
30.Be3 Qe6 31.h4 Qc4 32.Bf2 e4 33.Rd1 Qe6 34.Bg3 Ne5 35.Bxe4 Rad8 36.Rxd8 Rxd8
37.Bxb7 Re8 38.Bg2 Ng4 39.Qxe6+ Rxe6 40.Bf3 Re3 41.Kg2 Ra3 42.Bc6 Ra2+ 43.Kf3 Ra3+
44.Kf4 Rb3 45.Be1 Re3 46.Bd2 Re6 47.b5 Re2 48.Bc3 Rf2+ 49.Kg3 Ra2 50.Be8+ Kh7
51.g6+ Kh6 52.a5 Ra3 53.Kf4 Rxc3 54.Kxf5 Nf6 55.Bc6 a6 56.Bb7 axb5 57.a6 Ra3
58.Ke5 Nd7+ 59.Kd4 Nb8 60.Kc5 Nxa6+ 61.Kxb5 Rb3+ 62.Kxa6 Rxb7 63.Kxb7 Kxg6
64.Kc6 Kh5 65.Kd5 Kxh4 66.Ke4 Kg4 67.Ke3 Kg3 68.Ke2 Kg2 69.Ke3 g5 70.Ke2 g4
71.Ke1 g3  0-1

[Event "45th Capablanca Mem Open"]
[Site "Havana CUB"]
[Date "2010.06.16"]
[Round "6"]
[White "Borges Mateos,J"]
[Black "Sanchez Alvarez,R"]
[Result "1-0"]
[WhiteElo "2468"]
[BlackElo "2330"]

1.c4 c6 2.Nf3 d5 3.e3 Nf6 4.Nc3 a6 5.Qb3 Nbd7 6.cxd5 Nc5 7.Qa3 cxd5 8.Qxc5 e5
9.Bb5+ axb5 10.Qxb5+ Bd7 11.Qb3 d4 12.Nxe5 Be6 13.Qb5+ Nd7 14.Nxd7 Bxd7 15.Qe5+ Be6
16.Nb5 dxe3 17.Nc7+ Kd7 18.Nxa8 exf2+ 19.Kxf2 Qxa8 20.Qb5+ Kc7 21.d3 Qd8
22.Bf4+  1-0

[Event "14th Master Open"]
[Site "Voronezh RUS"]
[Date "2010.06.16"]
[Round "5"]
[White "Ovod,E"]
[Black "Gubaydulin, Talgat"]
[Result "1/2-1/2"]
[WhiteElo "2418"]
[BlackElo "2298"]

1.c4 c6 2.e4 d5 3.exd5 cxd5 4.d4 Nf6 5.Nc3 e6 6.Nf3 Be7 7.Bd3 dxc4 8.Bxc4 O-O
9.O-O Nc6 10.a3 b6 11.Qd3 Bb7 12.Ba2 Rc8 13.Bg5 h6 14.Bh4 g6 15.Rfe1 Nh5
16.Bg3 Nxg3 17.hxg3 Bf6 18.Rad1 Ne7 19.Ne5 Kg7 20.Ng4 Nf5 21.Nxf6 Qxf6 22.g4  1/2-1/2

[Event "45th Capablanca Mem Open"]
[Site "Havana CUB"]
[Date "2010.06.17"]
[Round "7"]
[White "Janssen,Ru"]
[Black "Arias,Le"]
[Result "1-0"]
[WhiteElo "2524"]
[BlackElo "2355"]

1.c4 c6 2.d4 d5 3.Nc3 Nf6 4.e3 a6 5.Nf3 g6 6.Bd3 Bg7 7.O-O O-O 8.Bd2 Bg4
9.h3 Bxf3 10.Qxf3 e5 11.dxe5 Nfd7 12.Qe2 Nxe5 13.Rad1 Nxd3 14.Qxd3 dxc4 15.Qxc4 Nd7
16.Ne4 Nb6 17.Qb3 Qd5 18.Qxb6 Qxe4 19.Bb4 Rfe8 20.Bd6 Qc4 21.Qxb7 Qxa2 22.b4 Qa4
23.Rc1 Rec8 24.Rc5 Bf8 25.Ra5 Qxa5 26.bxa5 Bxd6 27.Rd1 Bc7 28.Rd7 Rab8 29.Rxc7 Rxb7
30.Rxc8+ Kg7 31.Rxc6 Rb1+ 32.Kh2 Rb2 33.Kg3 h5 34.h4 Ra2 35.Rxa6 Ra4 36.f3 f6
37.e4 Kf7 38.Ra8 f5 39.a6 fxe4 40.fxe4  1-0

[Event "Open"]
[Site "Teplice CZE"]
[Date "2010.06.17"]
[Round "6"]
[White "Maly,Jiri"]
[Black "Krasny,D"]
[Result "0-1"]
[WhiteElo "1720"]
[BlackElo "1922"]

1.c4 c6 2.e4 e6 3.Nc3 Bb4 4.a3 Qa5 5.Nf3 Ne7 6.Be2 O-O 7.O-O d5 8.Qc2 Nd7
9.d3 Bxc3 10.Qxc3 Qxc3 11.bxc3 dxc4 12.d4 b5 13.a4 h6 14.Ba3 Re8 15.a5 Nf6
16.Nd2 Ng6 17.f4 Rd8 18.g3 Bb7 19.f5 exf5 20.Rxf5 Re8 21.Bf3 Rad8 22.Rf1 Ne7
23.Re5 Ng6 24.Rf5 Rd7 25.h3 a6 26.Bg2 Re6 27.Bc1 Ne7 28.R5f2 Ng6 29.Kh2 Re8
30.e5 Nd5 31.Ne4 Nh8 32.Bd2 Rc7 33.Nd6 Ree7 34.Be4 Bc8 35.g4 Be6 36.g5 h5
37.Rg1 Ng6 38.Bf5 c5 39.Bxg6 fxg6 40.dxc5 Rxc5 41.Rgf1 Bf5 42.Nxf5 gxf5 43.Rxf5 Kh7
44.h4 Kg6 45.Kg3 Rc6 46.e6 Nc7 47.Rf7 Rcxe6 48.Rxe7 Rxe7 49.Rf8 Nd5 50.Kf3 Re6
51.Rd8 Ne7 52.Rd4 Nf5 53.Rf4 Rd6 54.Ke2 Rd3 55.Be1 Re3+ 56.Kf2 Re5 57.Bd2 Kf7
58.Kf3 Ke6 59.Kf2 g6 60.Kf3 Kd5 61.Kf2 Re4 62.Kf3 Nxh4+ 63.Kg3 Nf5+ 64.Kf3 Rxf4+
65.Bxf4 Ne7 66.Bc7 Nc6 67.Ke3 b4 68.cxb4 Nxb4 69.Bf4 Nd3 70.Bc7 Nc5 71.Bd8 c3
72.Bf6 Kc4 73.Ke2 Kb3 74.Kd1 Nb7  0-1

[Event "ch-NED"]
[Site "Eindhoven NED"]
[Date "2010.06.19"]
[Round "8"]
[White "Reinderman,D"]
[Black "Spoelman,W"]
[Result "1/2-1/2"]
[WhiteElo "2608"]
[BlackElo "2580"]

1.c4 c6 2.e4 d5 3.cxd5 cxd5 4.exd5 Nf6 5.Nc3 Nxd5 6.Nf3 Nc6 7.Bc4 Nb6 8.Bb3 e5
9.Qe2 Bd6 10.d4 O-O 11.dxe5 Nxe5 12.Nxe5 Bxe5 13.O-O Qc7 14.Kh1 Bd7 15.Nb5 Qc5
16.a4 Rae8 17.Qd3 Bc6 18.Nxa7 Rd8 19.Qe2 Bd5 20.Bxd5 Rxd5 21.Be3 Qb4 22.Bxb6 Qxb6
23.Nb5 Qf6 24.f4 Bxb2 25.Rab1 Bd4 26.Qe4 Rfd8 27.Rfd1 Qe6 28.Qxe6 fxe6 29.Nc7 R5d6
30.Rxb7 Bb6 31.Rxd6 Rxd6 32.g3 Bxc7 33.Rxc7 Rd2 34.a5 Ra2 35.Ra7 h5 36.a6 Kh7
37.Ra8 Kg6 38.a7 Kf7 39.Kg1 Ra4 40.Kg2 Kg6 41.Kh3 Ra3 42.Kh4 Ra4 43.h3 Ra3
44.Re8 Rxa7 45.Rxe6+ Kf7 46.Re3 g6 47.Kg5 Kg7 48.f5 gxf5 49.Kxf5 Ra5+ 50.Re5 Ra3
51.Kf4 h4 52.gxh4  1/2-1/2

[Event "45th Capablanca Mem Open"]
[Site "Havana CUB"]
[Date "2010.06.19"]
[Round "9"]
[White "Rasmussen,Kar"]
[Black "Delgado Ramos,H"]
[Result "0-1"]
[WhiteElo "2428"]
[BlackElo "2414"]

1.c4 c6 2.e4 d5 3.exd5 cxd5 4.d4 Nf6 5.Nc3 Nc6 6.Bg5 Be6 7.Nf3 g6 8.Bxf6 exf6
9.c5 Bg7 10.Bb5 O-O 11.Bxc6 bxc6 12.O-O Qb8 13.Qd2 Re8 14.Ne1 Bf5 15.Nd1 a5
16.Ne3 Bh6 17.Qc3 Be4 18.Ng4 Bg7 19.f3 Bf5 20.Nf2 Re2 21.g4 Bc8 22.Ned3 Ba6
23.f4 Qe8 24.Rae1 Bxd3 25.Nxd3 Qe3+ 26.Rf2 Rxe1+ 27.Nxe1 Qe4 28.Nc2 f5 29.g5 f6
30.Qe3 fxg5 31.Qxe4 dxe4 32.fxg5 Kf7 33.Kf1 Ke6 34.Ke2 Rb8 35.b3 Kd5 36.Ke3 h6
37.Kf4 Ke6 38.h4 Rh8 39.h5 hxg5+ 40.Kxg5 Bf6+  0-1

[Event "Open"]
[Site "Teplice CZE"]
[Date "2010.06.19"]
[Round "8"]
[White "Pospisil,M"]
[Black "Kotva,M"]
[Result "0-1"]
[WhiteElo "1925"]
[BlackElo "2066"]

1.c4 c6 2.g3 Nf6 3.Bg2 d5 4.b3 Bf5 5.Nf3 e6 6.O-O Be7 7.Bb2 Nbd7 8.d3 O-O
9.Nfd2 Bg6 10.e4 Nc5 11.e5 Nfd7 12.d4 Nd3 13.Bc3 b5 14.cxb5 cxb5 15.Nf3 b4
16.Bd2 a5 17.Ne1 Nxe1 18.Bxe1 Qb6 19.f4 Rfc8 20.Rf2 Ra7 21.Bh3 Rac7 22.f5 exf5
23.Nd2 Qxd4 24.Nf3 Qxd1 25.Rxd1 Bc5 26.Nd4 Nxe5 27.Bxf5 Bxf5 28.Rxf5 f6 29.Bf2 Bb6
30.Rd2 Kf7 31.Nb5 Bxf2+ 32.Rfxf2 Rd7 33.Nd4 Rc3 34.Kg2 Rd3 35.Rxd3 Nxd3 36.Rc2 a4
37.bxa4 Ra7 38.a5 Rxa5  0-1

[Event "Open"]
[Site "Teplice CZE"]
[Date "2010.06.19"]
[Round "8"]
[White "Starek,Stanislav"]
[Black "Kotrba,M"]
[Result "1/2-1/2"]
[WhiteElo "1819"]
[BlackElo "1947"]

1.c4 c6 2.g3 d5 3.b3 Bf5 4.Bg2 Nf6 5.d3 e5 6.Bb2 Bb4+ 7.Nd2 e4 8.a3 Bxd2+
9.Qxd2 Nbd7 10.Qg5 Bg6 11.dxe4 dxe4 12.Nh3 h6 13.Qf4 O-O 14.O-O Qb6 15.b4 a5
16.Bc3 axb4 17.axb4 Ra6 18.Qd2 Rfa8 19.Nf4 Rxa1 20.Rxa1 Rxa1+ 21.Bxa1 Bf5
22.h3 Qc7 23.g4 Bh7 24.e3 Ne8 25.Qd4 Ndf6 26.Ne2 Qd6 27.b5 Qxd4 28.Bxd4 cxb5
29.cxb5 Nd5 30.Nc3 Ne7  1/2-1/2